<?xml version="1.0" encoding="UTF-8"?>
<record
    xmlns:xsi="http://www.w3.org/2001/XMLSchema-instance"
    xsi:schemaLocation="http://www.loc.gov/MARC21/slim http://www.loc.gov/standards/marcxml/schema/MARC21slim.xsd"
    xmlns="http://www.loc.gov/MARC21/slim">

  <leader>00748nam a22002177a 4500</leader>
  <datafield tag="999" ind1=" " ind2=" ">
    <subfield code="c">6955</subfield>
    <subfield code="d">6955</subfield>
  </datafield>
  <controlfield tag="003">OSt</controlfield>
  <controlfield tag="005">20211021111841.0</controlfield>
  <controlfield tag="008">160721s16--    spca||||||||| 000 0 spa|d</controlfield>
  <datafield tag="020" ind1=" " ind2=" ">
    <subfield code="a">9788491161592</subfield>
  </datafield>
  <datafield tag="040" ind1=" " ind2=" ">
    <subfield code="b">cat</subfield>
    <subfield code="c">CDMR</subfield>
  </datafield>
  <datafield tag="100" ind1="1" ind2=" ">
    <subfield code="a">Beltr&#xE1;n L&#xF3;pez, Gers&#xF3;n</subfield>
  </datafield>
  <datafield tag="245" ind1="1" ind2="0">
    <subfield code="a">Geolocalizaci&#xF3;n online </subfield>
    <subfield code="b">: la importancia del d&#xF3;nde </subfield>
    <subfield code="c">Gers&#xF3;n Beltr&#xE1;n</subfield>
  </datafield>
  <datafield tag="260" ind1=" " ind2=" ">
    <subfield code="a">Barcelona :</subfield>
    <subfield code="b">Editorial UOC,</subfield>
    <subfield code="c">2016</subfield>
  </datafield>
  <datafield tag="300" ind1=" " ind2=" ">
    <subfield code="a">126 p. :</subfield>
    <subfield code="b">il. ;</subfield>
    <subfield code="c">18 cm</subfield>
  </datafield>
  <datafield tag="500" ind1=" " ind2=" ">
    <subfield code="a">Inclou eines com: Twitter, Facebook, Foursquare, Yelp, Instagram, Pinterest i Codis QR</subfield>
  </datafield>
  <datafield tag="504" ind1=" " ind2=" ">
    <subfield code="a">p. 121 - 123</subfield>
  </datafield>
  <datafield tag="650" ind1=" " ind2="7">
    <subfield code="a">Localitzaci&#xF3; per sat&#xE8;l&#xB7;lit, Sistemes de</subfield>
    <subfield code="2">lemac </subfield>
  </datafield>
  <datafield tag="650" ind1="0" ind2="0">
    <subfield code="a">Xarxes socials en l&#xED;nia</subfield>
    <subfield code="9">3128</subfield>
  </datafield>
  <datafield tag="650" ind1="0" ind2="4">
    <subfield code="a">Sistemes d'informaci&#xF3; geogr&#xE0;fica</subfield>
  </datafield>
  <datafield tag="942" ind1=" " ind2=" ">
    <subfield code="c">MON</subfield>
    <subfield code="2">udc</subfield>
  </datafield>
  <datafield tag="952" ind1=" " ind2=" ">
    <subfield code="0">0</subfield>
    <subfield code="1">0</subfield>
    <subfield code="4">0</subfield>
    <subfield code="7">0</subfield>
    <subfield code="a">CDMR</subfield>
    <subfield code="b">CDMR</subfield>
    <subfield code="d">2016-07-21</subfield>
    <subfield code="e">Intercanvi</subfield>
    <subfield code="g">12.00</subfield>
    <subfield code="l">4</subfield>
    <subfield code="m">4</subfield>
    <subfield code="o">Fu /34</subfield>
    <subfield code="p">CDMR16070018</subfield>
    <subfield code="r">2017-04-24</subfield>
    <subfield code="s">2017-02-23</subfield>
    <subfield code="v">12.00</subfield>
    <subfield code="w">2016-07-21</subfield>
    <subfield code="y">MON</subfield>
  </datafield>
</record>
